00501nam a2200157 a 450000100100000000500170001000800410002702000150006804000250008308200150010810000200012324500970014326000490024030000330028970000210032200003722720200930080225.0120313s1999 nyua 000 0 spa d a0060193395 aDO-SdBNPbspacBNPHU axxxbP558b1 aPhillips, Bill.10aBody for life :b12 weesks to mental and physical strength /cBill Phillips, Michael D'Orso. aNew York :bHarperCollins Publishers,c1999. axvi, 201 p. :bil. ;c24 cm.1 aD'Orso, Michael.